[Event "Graz-chB"]
[Site "Graz"]
[Date "2012.01.20"]
[Round "4"]
[White "Murlasits, Martin III"]
[Black "Schuetz, Christian"]
[Result "1/2-1/2"]
[WhiteElo "1860"]
[BlackElo "1976"]
[PlyCount "107"]
[EventDate "2012.01.13"]
[EventType "swiss"]
[EventRounds "7"]
[EventCountry "AUT"]
[SourceTitle "EXT 2013"]
[Source "ChessBase"]
[SourceDate "2012.11.22"]
[SourceVersion "1"]
[SourceVersionDate "2012.11.22"]
[SourceQuality "1"]

1. e4 g6 2. d4 d6 3. Nc3 Bg7 4. f4 c6 5. Nf3 Bg4 6. e5 Nh6 7. h3 Bxf3 8. Qxf3 Nf5 9. Ne2 h5 10. c3 Qb6 11. g4 hxg4 12. hxg4 Rxh1 13. Qxh1 Nh6 14. Qh4 dxe5 15. fxe5 Ng8 16. g5 c5 17. Qe4 cxd4 18. cxd4 e6 19. Nc3 Nc6 20. d5 Nxe5 21. Bb5+ Nd7 22. Be3 Bxc3+ 23. bxc3 Qxb5 24. dxe6 fxe6 25. Qxg6+ Ke7 26. Qg7+ Kd6 27. Rd1+ Kc7 28. Qf7 Rd8 29. Qxe6 Qc6 30. Bf4+ Kc8 31. Qxc6+ bxc6 32. Rd6 Kb7 33. Kd2 c5 34. Kd3 Ne7 35. Ke4 c4 36. Rd4 Nc5+ 37. Kf3 Rxd4 38. cxd4 Ne6 39. Be3 Nd5 40. g6 Nxe3 41. Kxe3 Kc6 42. Ke4 Kd6 43. d5 Ng7 44. Kd4 c3 45. Kxc3 Kxd5 46. Kb4 Kc6 47. Ka5 Kb7 48. Kb5 Ne6 49. Ka5 a6 50. Kb4 Kb6 51. a4 a5+ 52. Kb3 Kc5 53. Kc3 Kd5 54. Kd3 1/2-1/2

[Event "Graz op-B 12th"]
[Site "Graz"]
[Date "2005.09.07"]
[Round "5.9"]
[White "Murlasits, Martin III"]
[Black "Meglitsch, Konstantin"]
[Result "1/2-1/2"]
[WhiteElo "1976"]
[BlackElo "1739"]
[PlyCount "86"]
[EventDate "2005.09.03"]
[EventType "swiss"]
[EventRounds "9"]
[EventCountry "AUT"]
[SourceTitle "EXT 2024"]
[Source "ChessBase"]
[SourceDate "2023.10.10"]
[SourceVersion "1"]
[SourceVersionDate "2023.10.10"]
[SourceQuality "1"]

1. e4 e6 2. d4 d5 3. Nc3 Bb4 4. e5 c5 5. a3 Bxc3+ 6. bxc3 Ne7 7. Qg4 Qc7 8. Qxg7 Rg8 9. Qxh7 cxd4 10. Ne2 Nbc6 11. f4 Bd7 12. a4 dxc3 13. Ba3 d4 14. Ng3 Qb6 15. Ne4 0-0-0 16. Nd6+ Kb8 17. Nc4 Qa6 18. Bd6+ Ka8 19. a5 b5 20. Bxe7 Nxe7 21. Nd6 Nd5 22. Qe4 Bc6 23. Qxd4 f6 24. Rg1 Rg4 25. g3 fxe5 26. Qxe5 Nxf4 27. Nxb5 Bxb5 28. Bxb5 Qb7 29. Kf2 Nh3+ 30. Ke3 Nxg1 31. Rxg1 Rf8 32. Be2 Rgg8 33. Qxc3 Rc8 34. Qd3 Rgd8 35. Qa3 Rd5 36. Bf3 Re5+ 37. Kd2 Rd8+ 38. Kc1 Red5 39. Bxd5 Qxd5 40. Qd3 Qxa5 41. Qf3+ Rd5 42. Qf8+ Kb7 43. Qg7+ Ka8 1/2-1/2